000
00214nam a22001097a 4500
082
_a
001
_b
DEM/M
245
_a
MY ANIMAL KINGDOM
260
_a
LONDON
_b
DEAGISTINI
300
_a
28
650
_a
GK
_z
LONDON
942
_c
BK
999
_c
6375
_d
6375